Mom Jeans. Discography Quiz - Statistics

General Stats
  • This quiz has been taken 63 times
  • The average score is 33 of 58
Answer Stats
Answer % Correct
Vape Nation
90%
Best Buds (2016)
87%
Death Cup
84%
Scott Pilgrim vs. My GPA
84%
Edward 40hands
77%
Girl Scout Cookies
77%
Poor Boxer Shorts
77%
Puppy Love (2018)
77%
*Sobs Quietly*
77%
Movember
71%
sweet
71%
Shred Cruz
68%
something
68%
Vape Nation 2.0
68%
danger can
65%
Danger Can't
65%
now THIS is podracing
65%
PICKLE BART
65%
Something Sweet
65%
Sweet Tooth (2022)
65%
Bear Market (2023)
61%
hippo (in the water)
61%
Remy's Boyz
61%
What's Up?
61%
you can't eat cats kevin
61%
10 min
58%
Hippo In the Water
58%
near death fail comp (must watch til end)
58%
pt. 2
58%
sponsor me tape
58%
Ten Minutes
58%
jon bong jovi
55%
Teeth
55%
tie die
55%
White Trash Millionaire
55%
cry baby:'(
52%
Crybaby (On the Phone)
52%
glamorous
52%
i left my towel at my friend's house and then they moved, pt. 1
52%
Tie Dye Acid Trip
52%
death by cup
48%
kevin eats cats
48%
season 9 ep 2-3
48%
Sugar Rush
48%
Anime Theme Song
45%
Luv L8r
45%
YIKES (daddy wants wings)
45%
40 hands
42%
Circus Clown
42%
gsc
42%
Heck You Bart, Pt II: Electric Boogaloo
42%
Alameda County Fair
39%
Graduating Life
39%
clown
35%
shred cruz must die
35%
skinny Bart
32%
wassup;)
32%
elevator theme song
29%
No matching quizzes found
Score Distribution
Percent of People with Each Score
Percentile by Number Answered
Your Score History
You have not taken this quiz